| 000 | 00436nam a2200157Ia 4500 | ||
|---|---|---|---|
| 008 | 210716s2006 xx 000 0 und d | ||
| 020 | _a0618519882 | ||
| 041 | _aeng | ||
| 082 | _a658.84 CANB | ||
| 100 | _aCanzer, Brahm. | ||
| 245 |
_aE-business: strategic thinking and practice. _bStrategic thinking and practice. |
||
| 250 | _a1 | ||
| 260 |
_aNew York _bHoughton mifflin Company _c2006 |
||
| 300 | _axx,347 | ||
| 650 | _aE-Commerce | ||
| 999 |
_c202914 _d202914 |
||